180 thủ thuật và mẹo hay trong Adobe photoshop CS4 : Phương pháp ghép ảnh, xử lý ảnh nhanh và hiệu quả nhất

Sách gồm 4 phần chính bố cục thành các chương và đề mục rõ ràng, trình bày các thủ thuật và mẹo làm việc trong Photoshop CS4 từ các tính năng đơn giản cho đến các kỹ thuật tiên.

Đã lưu trong:
書目詳細資料
主要作者: Nguyễn, Nam Thuận
格式: 圖書
語言:Undetermined
出版: Hà Nội Hồng Đức 2010
主題:
標簽: 添加標簽
沒有標簽, 成為第一個標記此記錄!
Thư viện lưu trữ: Trung tâm Học liệu Trường Đại học Cần Thơ
LEADER 01050nam a2200229Ia 4500
001 CTU_158567
008 210402s9999 xx 000 0 und d
020 |c 92000 
082 |a 006.68 
082 |b Th502 
100 |a Nguyễn, Nam Thuận 
245 0 |a 180 thủ thuật và mẹo hay trong Adobe photoshop CS4 : 
245 0 |b Phương pháp ghép ảnh, xử lý ảnh nhanh và hiệu quả nhất 
245 0 |c Nguyễn Nam Thuận 
260 |a Hà Nội 
260 |b Hồng Đức 
260 |c 2010 
520 |a Sách gồm 4 phần chính bố cục thành các chương và đề mục rõ ràng, trình bày các thủ thuật và mẹo làm việc trong Photoshop CS4 từ các tính năng đơn giản cho đến các kỹ thuật tiên. 
650 |a Photoshop (Computer program language),Computer graphics,Application software 
650 |x Computer programs 
904 |i Kim Lan, Bạch Trúc 
980 |a Trung tâm Học liệu Trường Đại học Cần Thơ